[Event "Lugo Teu Xacobeo"]
[Site "Lugo"]
[Date "2021.06.25"]
[Round "9"]
[White "Florez Rodriguez, Diego"]
[Black "Lopez Varela, Pablo"]
[Result "0-1"]
[WhiteElo "2114"]
[BlackElo "2288"]
[PlyCount "90"]
[EventDate "2021.06.18"]
[EventType "tourn"]
[EventRounds "9"]
[EventCountry "ESP"]
[EventCategory "3"]
[SourceTitle "CBM 203 Extra"]
[Source "ChessBase"]
[SourceDate "2021.09.30"]
[SourceVersion "1"]
[SourceVersionDate "2021.09.30"]
[SourceQuality "1"]

1. d4 Nf6 2. Nf3 b6 3. e3 Bb7 4. Bd3 g6 5. c4 Bg7 6. Nc3 0-0 7. 0-0 d6 8. b3 Nbd7 9. Bb2 e5 10. Nd2 Ne8 11. d5 f5 12. f3 a5 13. a3 Nc5 14. Bc2 Na6 15. Rb1 c5 16. Qe2 Nac7 17. Rfd1 Ba6 18. Ba1 Nf6 19. Bd3 Qd7 20. a4 Rae8 21. Re1 Re7 22. Nb5 Nce8 23. Bc2 Bc8 24. Bb2 g5 25. g3 h6 26. Qg2 Bh8 27. h3 h5 28. Kf2 Rg7 29. Qh2 h4 30. gxh4 gxh4 31. Rg1 Nh5 32. Nxd6 Nxd6 33. Bxe5 f4 34. Bxg7 Bxg7 35. Nf1 Ng3 36. Ke1 Qxh3 37. Qxh3 Bxh3 38. Nxg3 fxg3 39. Ke2 Bd7 40. Rg2 Be5 41. Rbg1 Re8 42. Kd2 Nf5 43. f4 Bd6 44. Re2 Nxe3 45. Rxe3 Bxf4 0-1

[Event "Lugo Teu Xacobeo"]
[Site "Lugo"]
[Date "2021.06.23"]
[Round "7"]
[White "Florez Rodriguez, Diego"]
[Black "Alonso Garcia, Aaron"]
[Result "0-1"]
[WhiteElo "2114"]
[BlackElo "2363"]
[PlyCount "104"]
[EventDate "2021.06.18"]
[EventType "tourn"]
[EventRounds "9"]
[EventCountry "ESP"]
[EventCategory "3"]
[SourceTitle "CBM 203 Extra"]
[Source "ChessBase"]
[SourceDate "2021.09.30"]
[SourceVersion "1"]
[SourceVersionDate "2021.09.30"]
[SourceQuality "1"]

1. d4 Nf6 2. Nf3 e6 3. Bf4 c5 4. e3 b6 5. Nbd2 Bb7 6. Bd3 cxd4 7. exd4 Be7 8. c3 d6 9. Qe2 a6 10. h3 Nbd7 11. g4 0-0 12. 0-0-0 b5 13. Kb1 Re8 14. Rhe1 Rc8 15. Ng5 Nf8 16. h4 Nd5 17. Bg3 Rxc3 18. Nxf7 Kxf7 19. Qf3+ Nf6 20. Ne4 Rxd3 21. Rxd3 Bxe4 22. Rxe4 Kg8 23. Re1 d5 24. Qe2 Ne4 25. g5 Bd6 26. Bxd6 Qxd6 27. Rh3 Ng6 28. Qc2 Nf4 29. Ra3 b4 30. Ra4 Ng2 31. Rh1 Rf8 32. f3 Ne3 33. Qe2 Ng3 34. Qxe3 Nxh1 35. Qd3 Ra8 36. g6 hxg6 37. Qxg6 Ng3 38. a3 bxa3 39. Rxa3 Nf5 40. Rb3 Nxh4 41. Qh5 Nf5 42. Rb7 Rf8 43. Qg6 Qc6 44. Ra7 Qb6 45. Rd7 Rb8 46. Qf7+ Kh8 47. Qh5+ Nh6 48. Qh2 Qb5 49. Re7 Qd3+ 50. Ka1 Rb5 51. Qc7 Qd1+ 52. Ka2 Qb3+ 0-1

[Event "Lugo Teu Xacobeo"]
[Site "Lugo"]
[Date "2021.06.20"]
[Round "3"]
[White "Florez Rodriguez, Diego"]
[Black "Radeva, Viktoria"]
[Result "0-1"]
[WhiteElo "2114"]
[BlackElo "2335"]
[PlyCount "226"]
[EventDate "2021.06.18"]
[EventType "tourn"]
[EventRounds "9"]
[EventCountry "ESP"]
[EventCategory "3"]
[SourceTitle "CBM 203 Extra"]
[Source "ChessBase"]
[SourceDate "2021.09.30"]
[SourceVersion "1"]
[SourceVersionDate "2021.09.30"]
[SourceQuality "1"]

1. d4 d5 2. Nf3 Nf6 3. Bf4 e6 4. e3 Bd6 5. Nbd2 Bxf4 6. exf4 0-0 7. Bd3 c5 8. dxc5 Qc7 9. g3 Qxc5 10. 0-0 b6 11. Qe2 Bb7 12. Ne5 Nc6 13. Nb3 Qd6 14. Nxc6 Qxc6 15. Nd4 Qc5 16. c3 Rfe8 17. Rfe1 a6 18. Rad1 b5 19. a3 Ne4 20. Bxe4 dxe4 21. Nc2 Rac8 22. Rd4 e5 23. fxe5 Rxe5 24. f4 Ree8 25. Ne3 a5 26. Red1 Ba8 27. Qd2 h5 28. Rd7 h4 29. Qd4 hxg3 30. hxg3 Qh5 31. Rd2 b4 32. g4 Qg6 33. Rh2 bxc3 34. bxc3 Rb8 35. Rh5 Qf6 36. Qxf6 gxf6 37. Nf5 Rb1+ 38. Kh2 Reb8 39. Rh3 Rc1 40. Nh6+ Kf8 41. Rxf7+ Ke8 42. Rc7 Rb2+ 43. Kg3 Kd8 44. Ra7 Rxc3+ 45. Kh4 Rxh3+ 46. Kxh3 Bc6 47. g5 fxg5 48. fxg5 e3 49. g6 Bd7+ 50. Kg3 Rb6 51. Nf7+ Ke8 52. Ne5 e2 53. Kf2 Re6 54. g7 e1Q+ 55. Kxe1 Rxe5+ 56. Kd2 Be6 57. Kc3 Bg8 58. Kb2 Rg5 59. Kc3 Bf7 60. Kb2 Rxg7 61. Rxa5 Kd7 62. Rc5 Rg4 63. Ra5 Kc6 64. Kc2 Bc4 65. Rh5 Bd5 66. a4 Kc5 67. Rh8 Rxa4 68. Rd8 Kd4 69. Kd2 Ra2+ 70. Kd1 Rh2 71. Rd7 Ke4 72. Kc1 Rh5 73. Kd2 Kd4 74. Rd8 Rg5 75. Rd7 Rg2+ 76. Kd1 Kc4 77. Ke1 Be4 78. Rd2 Rg7 79. Rd8 Bd3 80. Kd2 Rg2+ 81. Ke3 Re2+ 82. Kf3 Re7 83. Rc8+ Kd4 84. Rd8+ Kc3 85. Kf4 Kd2 86. Ra8 Re4+ 87. Kf3 Re1 88. Ra2+ Bc2 89. Kf4 Re4+ 90. Kg5 Kd3 91. Ra3+ Kd4 92. Ra8 Bb3 93. Kf5 Re7 94. Kf6 Rf7+ 95. Kg6 Rf3 96. Kg5 Be6 97. Ra4+ Ke5 98. Ra5+ Bd5 99. Rb5 Rg3+ 100. Kh5 Rg8 101. Ra5 Kd6 102. Ra6+ Ke7 103. Kh4 Be6 104. Ra3 Kf6 105. Ra6 Rg4+ 106. Kh5 Rb4 107. Rd6 Kf5 108. Kh6 Rh4+ 109. Kg7 Rg4+ 110. Kh6 Rg8 111. Rb6 Kf6 112. Kh7 Rg3 113. Rb7 Rh3# 0-1

[Event "Lugo Teu Xacobeo"]
[Site "Lugo"]
[Date "2021.06.20"]
[Round "4"]
[White "Hernandez, Cristian Andres"]
[Black "Florez Rodriguez, Diego"]
[Result "1-0"]
[WhiteElo "2374"]
[BlackElo "2114"]
[PlyCount "127"]
[EventDate "2021.06.18"]
[EventType "tourn"]
[EventRounds "9"]
[EventCountry "ESP"]
[EventCategory "3"]
[SourceTitle "CBM 203 Extra"]
[Source "ChessBase"]
[SourceDate "2021.09.30"]
[SourceVersion "1"]
[SourceVersionDate "2021.09.30"]
[SourceQuality "1"]

1. d4 Nf6 2. c4 e6 3. Nc3 Bb4 4. e3 0-0 5. Nge2 Re8 6. a3 Bf8 7. d5 d6 8. Ng3 a5 9. Be2 Na6 10. Rb1 Bd7 11. b4 axb4 12. axb4 exd5 13. cxd5 c5 14. dxc6 bxc6 15. b5 Nc5 16. 0-0 Rb8 17. bxc6 Bxc6 18. Bb5 Qd7 19. Bxc6 Qxc6 20. Bd2 g6 21. Qc2 Rxb1 22. Rxb1 Nce4 23. Ngxe4 Nxe4 24. Qd3 Nxc3 25. Bxc3 Rc8 26. Bd4 Qc1+ 27. Qf1 Qxf1+ 28. Kxf1 Bg7 29. Rd1 Bxd4 30. Rxd4 Rc6 31. g4 g5 32. Kg2 Kg7 33. h4 h6 34. Rd5 Kf6 35. h5 Ra6 36. Kf3 Ke6 37. Rb5 Kf6 38. Rb4 d5 39. Rb5 Ke5 40. Rb7 Ke6 41. Rb8 Ke5 42. Re8+ Kf6 43. Rd8 Ke5 44. Kg3 Rd6 45. f4+ gxf4+ 46. exf4+ Ke6 47. Rxd6+ Kxd6 48. g5 Ke7 49. Kf3 hxg5 50. fxg5 f5 51. h6 Kf7 52. Kf4 d4 53. h7 Kg7 54. g6 d3 55. Ke3 f4+ 56. Kxd3 f3 57. Ke3 f2 58. Kxf2 Kh8 59. Kf3 Kg7 60. Kf4 Kh8 61. Kf5 Kg7 62. h8Q+ Kxh8 63. Kf6 Kg8 64. g7 1-0

[Event "EU-ch Online U2300 Qual"]
[Site "Chess.com INT"]
[Date "2020.05.25"]
[Round "2"]
[White "Druzhinina, Olga"]
[Black "Florez Rodriguez, Diego"]
[Result "0-1"]
[WhiteElo "2245"]
[BlackElo "2110"]
[PlyCount "82"]
[EventDate "2020.05.25"]
[EventType "swiss"]
[EventRounds "8"]
[EventCountry "NET"]
[SourceTitle "EXT 2021"]
[Source "ChessBase"]
[SourceDate "2020.10.23"]
[SourceVersion "1"]
[SourceVersionDate "2020.10.23"]
[SourceQuality "1"]

1. e4 e6 2. d4 d5 3. Nd2 dxe4 4. Nxe4 Bd7 5. Nf3 Bc6 6. Bd3 Nd7 7. 0-0 Ngf6 8. Qe2 Bxe4 9. Bxe4 Nxe4 10. Qxe4 c6 11. c4 Be7 12. b3 0-0 13. Bb2 Qa5 14. Rfd1 Ba3 15. Bxa3 Qxa3 16. Rd2 a5 17. h4 a4 18. Rb1 axb3 19. axb3 Qd6 20. h5 h6 21. Rd3 Rfd8 22. Rbd1 Nf6 23. Qh4 Ra2 24. Ne5 Rda8 25. Rg3 Kf8 26. Qf4 Qe7 27. Rf3 Ra1 28. Rxa1 Rxa1+ 29. Kh2 Kg8 30. g4 Qb4 31. Nd3 Qxb3 32. g5 hxg5 33. Qxg5 Qd1 34. Qg2 Nxh5 35. Ne5 Qxd4 36. Nxf7 Nf4 37. Qg5 Rh1+ 38. Kxh1 Qd1+ 39. Kh2 Qxf3 40. Ne5 Qh3+ 41. Kg1 Ne2# 0-1

[Event "EU-ch Online U2300 Qual"]
[Site "Chess.com INT"]
[Date "2020.05.25"]
[Round "1"]
[White "Florez Rodriguez, Diego"]
[Black "Lisin, Egor"]
[Result "0-1"]
[WhiteElo "2110"]
[BlackElo "1943"]
[PlyCount "92"]
[EventDate "2020.05.25"]
[EventType "swiss"]
[EventRounds "8"]
[EventCountry "NET"]
[SourceTitle "EXT 2021"]
[Source "ChessBase"]
[SourceDate "2020.10.23"]
[SourceVersion "1"]
[SourceVersionDate "2020.10.23"]
[SourceQuality "1"]

1. d4 Nf6 2. Nf3 g6 3. g3 Bg7 4. Bg2 0-0 5. 0-0 d6 6. c4 Nc6 7. Nc3 e5 8. d5 Nb8 9. e4 a5 10. Rb1 Na6 11. a3 Nc5 12. Qc2 Nfxe4 13. Nxe4 Nxe4 14. Nxe5 Nc5 15. Nd3 Bf5 16. Rd1 Nxd3 17. Rxd3 Re8 18. Be3 a4 19. Rbd1 Bxd3 20. Rxd3 b6 21. Rd1 Qf6 22. Bd4 Qe7 23. Be3 Qe5 24. Rd2 h5 25. h4 Kh7 26. Bf3 Bh6 27. Bxh6 Kxh6 28. Kg2 Qf6 29. Re2 Rxe2 30. Qxe2 Kg7 31. Qc2 Qd4 32. Qe2 Qf6 33. Qc2 Qe5 34. Bd1 Ra5 35. Be2 Rc5 36. Qd2 b5 37. cxb5 Qxd5+ 38. Qxd5 Rxd5 39. Bc4 Rd2 40. b3 axb3 41. Bxb3 Rd3 42. Bc4 Rxa3 43. Bd5 Rc3 44. Kf1 Rc5 45. Bc6 Kf6 46. Ke2 Rxc6 0-1

[Event "Pontevedra op-A 6th"]
[Site "Pontevedra"]
[Date "2018.08.12"]
[Round "7"]
[White "Fernandez Lopez, Ruben"]
[Black "Florez Rodriguez, Diego"]
[Result "1/2-1/2"]
[WhiteElo "2106"]
[BlackElo "2112"]
[PlyCount "40"]
[EventDate "2018.08.08"]
[EventType "swiss"]
[EventRounds "9"]
[EventCountry "ESP"]
[SourceTitle "EXT 2021"]
[Source "ChessBase"]
[SourceDate "2020.10.23"]
[SourceVersion "1"]
[SourceVersionDate "2020.10.23"]
[SourceQuality "1"]

1. e4 e6 2. d4 d5 3. Nc3 dxe4 4. Nxe4 Bd7 5. Nf3 Bc6 6. Bd3 Nd7 7. Qe2 Ngf6 8. Bg5 Be7 9. Bxf6 Nxf6 10. Neg5 Bxf3 11. Nxf3 c6 12. 0-0 0-0 13. Rad1 Qa5 14. a3 Qh5 15. Rfe1 Rad8 16. Qf1 Bd6 17. Qe2 Bc7 18. c3 Rfe8 19. Ne5 Qxe2 20. Rxe2 Nd7 1/2-1/2

[Event "Pontevedra op-A 6th"]
[Site "Pontevedra"]
[Date "2018.08.11"]
[Round "5"]
[White "Florez Rodriguez, Diego"]
[Black "Vazquez Alvarez, Antonio Jose"]
[Result "1-0"]
[WhiteElo "2112"]
[BlackElo "1985"]
[PlyCount "109"]
[EventDate "2018.08.08"]
[EventType "swiss"]
[EventRounds "9"]
[EventCountry "ESP"]
[SourceTitle "EXT 2021"]
[Source "ChessBase"]
[SourceDate "2020.10.23"]
[SourceVersion "1"]
[SourceVersionDate "2020.10.23"]
[SourceQuality "1"]

1. Nf3 Nf6 2. d4 d5 3. g3 Bf5 4. Bg2 c6 5. 0-0 Nbd7 6. b3 e6 7. Bb2 Be7 8. Nbd2 Ne4 9. c4 Nxd2 10. Nxd2 Nf6 11. f3 dxc4 12. bxc4 Qb6 13. Qb3 Qxb3 14. Nxb3 Bc2 15. e4 Bxb3 16. axb3 0-0 17. e5 Ne8 18. f4 Nc7 19. Bc3 a6 20. b4 Rac8 21. h4 Rfd8 22. Kh2 h5 23. f5 exf5 24. Rxf5 Ne6 25. Rd1 g6 26. Rf2 Nc7 27. Bh3 Rb8 28. Rfd2 g5 29. g4 hxg4 30. Bxg4 gxh4 31. Rg2 Kh8 32. Rf1 Rf8 33. Rf5 Rg8 34. Rxf7 Rg7 35. Rxg7 Kxg7 36. Bf3+ Kh6 37. Bd2+ Kh7 38. d5 cxd5 39. cxd5 Nb5 40. d6 Nxd6 41. exd6 Bxd6+ 42. Kh3 Bg3 43. Re2 Kg8 44. Bd5+ Kg7 45. Re7+ Kf6 46. Rf7+ Kg6 47. Rf3 b6 48. Kg4 Rd8 49. Be4+ Kg7 50. Bc3+ Kg8 51. Rf5 a5 52. Bd5+ Kh7 53. bxa5 bxa5 54. Rg5 Re8 55. Kh5 1-0

[Event "Pontevedra op-A 6th"]
[Site "Pontevedra"]
[Date "2018.08.10"]
[Round "3"]
[White "Florez Rodriguez, Diego"]
[Black "Lemstra, Bart"]
[Result "1/2-1/2"]
[WhiteElo "2112"]
[BlackElo "1929"]
[PlyCount "145"]
[EventDate "2018.08.08"]
[EventType "swiss"]
[EventRounds "9"]
[EventCountry "ESP"]
[SourceTitle "EXT 2021"]
[Source "ChessBase"]
[SourceDate "2020.10.23"]
[SourceVersion "1"]
[SourceVersionDate "2020.10.23"]
[SourceQuality "1"]

1. d4 d5 2. Nf3 Nf6 3. g3 e6 4. Bg2 c5 5. 0-0 Nc6 6. c4 dxc4 7. Na3 cxd4 8. Nxc4 Bc5 9. Bf4 0-0 10. Rc1 Nd5 11. Nce5 Qb6 12. Nxc6 Nxf4 13. gxf4 bxc6 14. Ne5 f6 15. Nd3 Be7 16. Rxc6 Qa5 17. b4 Bxb4 18. Rc4 Rb8 19. Nxb4 Rxb4 20. Qxd4 Rxc4 21. Qxc4 Qb6 22. f5 Ba6 23. Qxe6+ Qxe6 24. fxe6 Bc4 25. e7 Re8 26. Rc1 Bxa2 27. Ra1 Bc4 28. Ra4 Be6 29. Rxa7 Kf7 30. Be4 g6 31. Kg2 Rxe7 32. Ra4 Bb3 33. Rb4 Rxe4 34. Rxb3 Rxe2 35. h4 h5 36. Kg3 Re4 37. f3 Rc4 38. Rb6 g5 39. hxg5 h4+ 40. Kh3 fxg5 41. Ra6 Rf4 42. Ra7+ Ke6 43. Ra6+ Kf5 44. Ra5+ Kg6 45. Ra3 Rd4 46. Ra5 Rd2 47. Ra8 Rf2 48. Rf8 Kg7 49. Rf5 Kg6 50. Rf8 Re2 51. Ra8 Kf7 52. Kg4 Rg2+ 53. Kf5 Rg3 54. Ra7+ Ke8 55. Ke6 Kd8 56. Kf6 h3 57. Rh7 Ke8 58. Re7+ Kf8 59. Ra7 Kg8 60. Kg6 Rxf3 61. Kxg5 h2 62. Ra8+ Kg7 63. Ra7+ Rf7 64. Ra1 Rf2 65. Ra7+ Kf8 66. Ra8+ Kf7 67. Ra7+ Ke6 68. Rh7 Rg2+ 69. Kf4 Kf6 70. Kf3 Ra2 71. Kg3 Kg6 72. Rxh2 Rxh2 73. Kxh2 1/2-1/2

[Event "Pontevedra op-A 6th"]
[Site "Pontevedra"]
[Date "2018.08.08"]
[Round "1"]
[White "Florez Rodriguez, Diego"]
[Black "Suarez Gomez, Julio"]
[Result "0-1"]
[WhiteElo "2112"]
[BlackElo "2469"]
[PlyCount "92"]
[EventDate "2018.08.08"]
[EventType "swiss"]
[EventRounds "9"]
[EventCountry "ESP"]
[SourceTitle "EXT 2021"]
[Source "ChessBase"]
[SourceDate "2020.10.23"]
[SourceVersion "1"]
[SourceVersionDate "2020.10.23"]
[SourceQuality "1"]

1. d4 Nf6 2. Nf3 d5 3. g3 Bg4 4. Ne5 Bf5 5. c4 e6 6. Nc3 c6 7. e3 Nbd7 8. g4 Be4 9. f3 Bg6 10. h4 dxc4 11. Bxc4 Nxe5 12. dxe5 Qxd1+ 13. Kxd1 Rd8+ 14. Ke2 Nd7 15. e4 Nxe5 16. Bb3 h5 17. g5 Nd7 18. Be3 Bc5 19. Rad1 Bxe3 20. Kxe3 e5 21. Rhg1 Ke7 22. Ne2 Nc5 23. Bc2 Rxd1 24. Bxd1 Rd8 25. Bc2 Ne6 26. Rg2 a6 27. Rg1 Bh7 28. Bb3 Nd4 29. Nxd4 Rxd4 30. Rg2 Bg6 31. Rg1 a5 32. Rg2 b5 33. Bc2 Rc4 34. Rd2 a4 35. a3 f6 36. Bd3 Rc1 37. Rc2 Rxc2 38. gxf6+ Kxf6 39. Bxc2 Bf7 40. f4 g6 41. Bd1 c5 42. Be2 b4 43. Bb5 Bb3 44. Be8 c4 45. fxe5+ Ke7 46. Bxa4 bxa3 0-1